000 00654nam a2200253Ia 4500
005 20260121155142.0
008 008 260114s9999 xx 000 0 eng d
020 _a9780429426520
037 _aEBOOK
040 _aCRL
040 _beng
040 _cCRL
041 _2eng
041 _aeng
084 _qCRL
100 _a Manuel Ruiz Muller; Rodrigo Oyanedel; Bruno Monteferri
_91016012
245 0 _aMarine and Fisheries Policies in Latin America
260 _bTaylor and Francis
260 _c2020
856 _uhttp://www.taylorfrancis.com/books/9780429426520
942 _cEBOOK
999 _c1582831
_d1582831